| 000 -LEADER |
| fixed length control field |
01404cam a2200445 i 4500 |
| 001 - CONTROL NUMBER |
| control field |
020773582 |
| 003 - CONTROL NUMBER IDENTIFIER |
| control field |
UkOxU |
| 005 - DATE AND TIME OF LATEST TRANSACTION |
| control field |
20191223142700.0 |
| 008 - FIXED-LENGTH DATA ELEMENTS--GENERAL INFORMATION |
| fixed length control field |
161116t20172001enka j 001 0 eng c |
| 015 ## - NATIONAL BIBLIOGRAPHY NUMBER |
| National bibliography number |
GBB6J6656 |
| Source |
bnb |
| 016 7# - NATIONAL BIBLIOGRAPHIC AGENCY CONTROL NUMBER |
| Record control number |
018129855 |
| Source |
Uk |
| 020 ## - INTERNATIONAL STANDARD BOOK NUMBER |
| International Standard Book Number |
9781407178653 |
| 035 ## - SYSTEM CONTROL NUMBER |
| System control number |
(UkCU)6261639 |
| 035 ## - SYSTEM CONTROL NUMBER |
| System control number |
(Uk)018129855 |
| 035 ## - SYSTEM CONTROL NUMBER |
| System control number |
(StEdALDL)1/3520836 |
| 040 ## - CATALOGING SOURCE |
| Original cataloging agency |
UkCU |
| Language of cataloging |
eng |
| Description conventions |
rda |
| Transcribing agency |
UkCU |
| Modifying agency |
UkOxU |
| 042 ## - AUTHENTICATION CODE |
| Authentication code |
ukscp |
| 043 ## - GEOGRAPHIC AREA CODE |
| Geographic area code |
f-ua--- |
| 049 ## - LOCAL HOLDINGS (OCLC) |
| Holding library |
CROBAR |
| 082 ## - DEWEY DECIMAL CLASSIFICATION NUMBER |
| Classification number |
932 DEA |
| 100 1# - MAIN ENTRY--PERSONAL NAME |
| Personal name |
Deary, Terry, |
| Relator term |
author. |
| 245 10 - TITLE STATEMENT |
| Title |
Awesome Egyptians / |
| Statement of responsibility, etc. |
Terry Deary & Peter Hepplewhite ; illustrated by Martin Brown. |
| 264 #1 - PRODUCTION, PUBLICATION, DISTRIBUTION, MANUFACTURE, AND COPYRIGHT NOTICE |
| Place of production, publication, distribution, manufacture |
London : |
| Name of producer, publisher, distributor, manufacturer |
Scholastic, |
| Date of production, publication, distribution, manufacture, or copyright notice |
2017. |
| 264 #4 - PRODUCTION, PUBLICATION, DISTRIBUTION, MANUFACTURE, AND COPYRIGHT NOTICE |
| Date of production, publication, distribution, manufacture, or copyright notice |
©2001 |
| 300 ## - PHYSICAL DESCRIPTION |
| Extent |
140 pages : |
| Other physical details |
illustrations (black and white) ; |
| Dimensions |
20 cm. |
| 336 ## - CONTENT TYPE |
| Content type term |
text |
| Source |
rdacontent |
| 336 ## - CONTENT TYPE |
| Content type term |
still image |
| Source |
rdacontent |
| 337 ## - MEDIA TYPE |
| Media type term |
unmediated |
| Source |
rdamedia |
| 338 ## - CARRIER TYPE |
| Carrier type term |
volume |
| Source |
rdacarrier |
| 490 1# - SERIES STATEMENT |
| Series statement |
Horrible histories |
| 500 ## - GENERAL NOTE |
| General note |
First published: 1993. |
| 500 ## - GENERAL NOTE |
| General note |
Includes index. |
| 651 #0 - SUBJECT ADDED ENTRY--GEOGRAPHIC NAME |
| Geographic name |
Egypt |
| General subdivision |
History |
| Chronological subdivision |
To 332 B.C. |
| Form subdivision |
Juvenile literature. |
| 651 #0 - SUBJECT ADDED ENTRY--GEOGRAPHIC NAME |
| Geographic name |
Egypt |
| General subdivision |
Social life and customs |
| Chronological subdivision |
To 332 B.C. |
| Form subdivision |
Juvenile literature. |
| 651 #0 - SUBJECT ADDED ENTRY--GEOGRAPHIC NAME |
| Geographic name |
Egypt |
| General subdivision |
Civilization |
| Chronological subdivision |
To 332 B.C. |
| Form subdivision |
Juvenile literature. |
| 700 1# - ADDED ENTRY--PERSONAL NAME |
| Personal name |
Hepplewhite, Peter, |
| Relator term |
author. |
| 700 1# - ADDED ENTRY--PERSONAL NAME |
| Personal name |
Brown, Martin, |
| Dates associated with a name |
1959- |
| Relator term |
illustrator. |
| 830 #0 - SERIES ADDED ENTRY--UNIFORM TITLE |
| Uniform title |
Horrible histories. |
| 942 ## - ADDED ENTRY ELEMENTS (KOHA) |
| Source of classification or shelving scheme |
|
| Koha item type |
Books - Non Ficton |